00429ntaaa2200157 45000030003000000050017000030080021000200400037000410820017000781000022000952450045001172500010001622600074001723000010002466500015002560120251027202947.00714s1973 ag 01  aAR-BaBNbspacAR-BaBNeaacrdRIC a945.0000 M68 aMistrali, Franco  aFray Gerónimo Savonarola, Monje y Papa a1 ed. aBuenos Aires : bImprenta y Litografía de Bernheim y Boneo, cc1863 a149 p aSavonarola